000 01345nam a2200361 a 4500
001 000115064
003 CHAP
005 20220329144512.0
008 180921s2018 mx a sm |||||||spa d
010 _a111525
011 _a112497
040 _cCHAP
090 _aTesis
100 1 _aRomo Pedroza, Fátima Sarely.
_9135878
245 1 0 _aAnálisis de los índices de competitividad del tequila en el mercado mundial /
_h[En línea]
_cpor Fátima Sarely Romo Pedroza.
260 _aChapingo, Méx. :
_bEl autor,
_c2018.
500 _aPara ver el contenido del material haga clic en la liga
502 _aTesis (Lic. en Comercio Internacional) -- UACH. División de Ciencias Económico Administrativas
590 _aBATCH-UPD
_b10
_c20190603
_lUCH01
_h1239
590 _aE11695DGD
_b10
_c20190603
_lUCH01
_h1238
590 _aE11695DGD
_b10
_c20190603
_lUCH01
_h1238
590 _aE8697GMM
_b05
_c20180921
_lUCH01
_h0908
590 _aE8697GMM
_b05
_c20180921
_lUCH01
_h0910
590 _aE8697GMM
_b05
_c20180921
_lUCH01
_h1131
590 _aE8697GMM
_b05
_c20181130
_lUCH01
_h1038
650 1 4 _aTequila
_xElaboración.
_9112338
650 1 4 _aTequila
_xExportación.
_9112339
650 1 4 _aTequila
_xMercadeo.
_9112342
856 _aFinding aid
_uhttp://10.13.5.2/tesis/sist115064.pdf
_zTeclea aquí
901 _aBK
942 _cTESIS
942 _n0
999 _c111525
_d111525